Marathon Majors - Statistics

General Stats
  • This quiz has been taken 90 times
  • The average score is 5 of 6
Answer Stats
Cities % Correct
Berlin
93%
New York
93%
Boston
91%
London
91%
Tokyo
85%
Chicago
84%
No matching quizzes found
Score Distribution
Percent of People with Each Score
Percentile by Number Answered
Your Score History
You have not taken this quiz